000 00287nam a22001337a 4500
008 170630b xxu||||| |||| 00| 0 eng d
020 _a9780130993502
041 _aeng
080 _a05
100 _a22
101 _aGJL
245 _aTHE BLAIR HANDBOOK
_cFULWILER,T
942 _2udc
_cBK
999 _c19688
_d19688